000 00621nam a2200241Ia 4500
003 OSt
005 20221007075157.0
006 a|||||r|||| 00| 0
007 ta
008 221006b |||||||| |||| 00| 0 eng d
020 _a0706925882
024 _a16,924
037 _cTextual
040 _aFLL
_cFLL
_beng
041 _2eng
_aeng
082 _aX9W.2, M4
100 _aEzekiel Hannan
245 0 _aCorporate sector in India
260 _aNew Delhi
_bCorporate sector in India India
_c1984
300 _a174p
_ccm.
942 _hX9W.2, M4
_cTEXL
_2CC
999 _c1155093
_d1155093